LIBRARY & INFORMATION CENTRE, KCAET, TAVANUR

ONLINE PUBLIC ACCESS CATALOGUE (OPAC)

World`s Chief Languages / (Record no. 7769)

MARC details
000 -LEADER
fixed length control field 00289cam a2200121ua 4500
082 ## - DEWEY DECIMAL CLASSIFICATION NUMBER
Classification number 410
Item number PEI/WO
100 ## - MAIN ENTRY--AUTHOR NAME
Personal name Pei, Mario A .
245 ## - TITLE STATEMENT
Title World`s Chief Languages /
250 ## - EDITION STATEMENT
Edition statement 3 /
260 ## - PUBLICATION, DISTRIBUTION, ETC. (IMPRINT)
Place of publication London :
Name of publisher George Allen & Unwin Ltd ,
Year of publication 1961.
300 ## - PHYSICAL DESCRIPTION
Number of Pages 663 ; .
942 ## - ADDED ENTRY ELEMENTS (KOHA)
Koha item type Reference
Holdings
Withdrawn status Lost status Damaged status Home library Current library Date acquired Cost, normal purchase price Full call number Accession Number Koha item type Collection code
Withdrawn     KAUAET KAUAET 07/04/2012 36.00 410.PEI/WO 6920 Reference  
Withdrawn     KAUAET Malayalam University 07/04/2012   410.PEI/WO 11602 Reference Reference
free website counter